| 000 | 01262nam a2200229Ia 4500 | ||
|---|---|---|---|
| 999 |
_c39820 _d39820 |
||
| 001 | 6425 | ||
| 003 | GE_BSU | ||
| 005 | 20190430120941.0 | ||
| 008 | 181216s1960||||geo|||||||||||||| ||geo|| | ||
| 040 | _cGE_BSU | ||
| 041 | _ageo | ||
| 080 | _a621.833+621.855 გ-64 | ||
| 100 |
_aგოთოშია, ვ. _9485 |
||
| 245 |
_aგადაცემები მანქანათმშენებლობაში = Передачи в машиностроении (კბილანა, ღვედური და ჯაჭვური გადაცემები) : _bძირითდი მასალები მანქანათა ნაწილების საკურსო პროექტისათვის / _cვ. გოთოშია ; რედ. ი.ბაქრაძე. |
||
| 264 |
_aთბილისი : _bცოდნა : _c1960. |
||
| 300 |
_a214გვ. : _bილ. ; _c20 სმ. |
||
| 504 | _aბიბლიოგრ.:გვ.212. | ||
| 653 | _aგადაცემები მანქანათმშენებლობაში | ||
| 653 | _aმანქანათმშენებლობა | ||
| 700 |
_aი. ბაქრაძე _eრედაქტორი _9533 |
||
| 942 |
_cBK _2udc |
||